[Event "Ustron op-C"]
[Site "Ustron"]
[Date "2020.08.15"]
[Round "1"]
[White "Kubica, Dominik"]
[Black "Kotas, Marian"]
[Result "1-0"]
[WhiteElo "1670"]
[BlackElo "1296"]
[PlyCount "91"]
[EventDate "2020.08.15"]
[EventType "swiss"]
[EventRounds "9"]
[EventCountry "POL"]
[SourceTitle "EXT 2021"]
[Source "ChessBase"]
[SourceDate "2020.10.23"]
[SourceVersion "1"]
[SourceVersionDate "2020.10.23"]
[SourceQuality "1"]

1. e4 d6 2. d4 Nf6 3. Nc3 g6 4. Be2 Bg7 5. Be3 0-0 6. h3 Nbd7 7. Nf3 e5 8. dxe5 Nxe5 9. Nxe5 dxe5 10. Bc4 a6 11. a4 c6 12. Qxd8 Rxd8 13. Bb6 Re8 14. 0-0 Be6 15. Bxe6 Rxe6 16. Rfd1 Bf8 17. a5 Kg7 18. f3 Bb4 19. Na4 Be7 20. Rd3 Rc8 21. Nc5 Bxc5+ 22. Bxc5 Rc7 23. Rad1 Re8 24. c4 Rcc8 25. Kh2 h6 26. b4 g5 27. Bb6 Re6 28. Rd6 Rce8 29. Rxe6 Rxe6 30. Bd8 Ne8 31. c5 Nf6 32. Bc7 Ne8 33. Bb8 Nf6 34. Rd8 Re7 35. Bd6 Rd7 36. Rb8 Kg6 37. Bxe5 Rd2 38. Bxf6 Kxf6 39. Rxb7 Ke6 40. Rc7 Rb2 41. Rxc6+ Kd7 42. Rxa6 Rxb4 43. Ra7+ Kc6 44. Rxf7 Kxc5 45. Rf6 Kd4 46. Rxh6 1-0

[Event "POL-chT U20 2nd League"]
[Site "Sypniewo"]
[Date "2020.??.??"]
[Round "2.8"]
[White "Kubica, Dominik"]
[Black "Szuber, Dawid"]
[Result "0-1"]
[WhiteElo "1577"]
[BlackElo "1496"]
[PlyCount "92"]
[EventDate "2020.10.23"]
[EventType "team-swiss"]
[EventRounds "9"]
[EventCountry "POL"]
[SourceTitle "CBM 199 Extra"]
[Source "ChessBase"]
[SourceDate "2021.01.31"]
[SourceVersion "1"]
[SourceVersionDate "2021.01.31"]
[SourceQuality "1"]

1. e4 c5 2. d4 d5 3. exd5 Qxd5 4. Nf3 e6 5. Nc3 Qd8 6. Bf4 Nf6 7. Bc4 a6 8. 0-0 b5 9. Bd3 c4 10. Be2 Nc6 11. Re1 Be7 12. a4 b4 13. Nb1 Na5 14. Ne5 Nd5 15. Bg3 c3 16. bxc3 bxc3 17. Qd3 Bb4 18. Na3 Bb7 19. Nac4 Nxc4 20. Qxc4 Rc8 21. Qd3 0-0 22. Bh5 Nf6 23. Bh4 Be7 24. Bxf7+ Rxf7 25. Nxf7 Kxf7 26. Bxf6 Bxf6 27. Qxh7 Qd5 28. Qh3 Rc4 29. Rab1 Rxd4 30. f3 Bc6 31. Qg3 e5 32. Qh3 e4 33. fxe4 Rxe4 34. Rf1 Re2 35. Rxf6+ gxf6 36. Qh7+ Ke6 37. Qg8+ Ke7 38. Qh7+ Kd6 39. Qd3 Qxd3 40. cxd3 Rb2 41. Rc1 c2 42. Kf2 Bxa4 43. Ke3 Rb1 44. Kd2 Rxc1 45. Kxc1 Ke5 46. Kd2 Bb3 0-1